000
00271nam a22001217a 4500
041
_a
ENG
100
_a
Culpin.C
245
_a
Farm Mechanization Management
260
_a
Landan
_b
Crosby Lockwood & Son Ltd
_c
1959
300
_a
221
650
_a
FMP
856
_u
FMP ( 4 )
999
_c
1402
_d
1402